[Event "FISU World University-ch 2020"]
[Site "Online"]
[Date "2020.10.26"]
[Round "6.24"]
[White "Jeyanthan, Krishna Rahul"]
[Black "Morera Campos, Heizel Maria"]
[Result "1-0"]
[WhiteElo "1629"]
[BlackElo "1980"]
[Annotator "ChessBase"]
[PlyCount "109"]
[EventDate "2020.10.26"]
[SourceTitle "playchess.com"]
[Source "ChessBase"]
[SourceQuality "1"]

1. e4 c6 2. d4 d5 3. Nc3 dxe4 4. Nxe4 Bf5 5. Ng3 Bg6 6. h4 h6 7. Nf3 Nd7 8. h5 Bh7 9. Bd3 Bxd3 10. Qxd3 e6 11. Bd2 Ngf6 12. O-O-O Qc7 13. Ne4 Nxe4 14. Qxe4 Nf6 15. Qe2 Bd6 16. g3 O-O-O 17. Kb1 Rhe8 18. c4 c5 19. Bc3 Re7 20. Ne5 Bxe5 21. dxe5 Ne8 22. f4 Red7 23. Rxd7 Qxd7 24. Kc2 Nc7 25. b3 Qc6 26. Rd1 Rxd1 27. Kxd1 Qh1+ 28. Kc2 Qg1 29. Qg4 Qf2+ 30. Bd2 Ne8 31. Qh4 Kd7 32. Qh1 Kc8 33. Qh4 f6 34. Qg4 Kd7 35. exf6 gxf6 36. Qg6 Qe2 37. Qf7+ Kd8 38. Qxb7 f5 39. Qxa7 Qe4+ 40. Kc1 Qh1+ 41. Kb2 Qg2 42. Qa5+ Kd7 43. Ka3 Nd6 44. Qa7+ Nb7 45. Be3 Kc6 46. Qa6+ Kc7 47. Qxe6 Qxg3 48. Qe5+ Kb6 49. b4 Ka7 50. bxc5 Na5 51. c6+ Ka8 52. Qxa5+ Kb8 53. Qb6+ Kc8 54. Qb7+ Kd8 55. Qd7# 1-0

[Event "FISU World University-ch 2020"]
[Site "Online"]
[Date "2020.10.26"]
[Round "6.24"]
[White "Kulatunga, Dinithi"]
[Black "Marin Leon, Valeria"]
[Result "1-0"]
[WhiteElo "1402"]
[BlackElo "1678"]
[Annotator "NA"]
[PlyCount "73"]
[EventDate "2020.10.26"]
[SourceTitle "playchess.com"]
[Source "ChessBase"]
[SourceQuality "1"]

1. d4 d5 2. c4 e6 3. Nc3 Nf6 4. Bg5 Be7 5. e3 O-O 6. Nf3 b6 7. Bd3 Bb7 8. O-O h6 9. Bh4 c5 10. cxd5 Nxd5 11. Bxe7 Qxe7 12. Rc1 Nd7 13. a3 Rac8 14. Nb5 a6 15. Nc3 f5 16. Qe2 b5 17. dxc5 Nxc5 18. Bb1 Nb3 19. Nxd5 Bxd5 20. Rcd1 Qf6 21. e4 fxe4 22. Bxe4 Bc4 23. Bd3 Bd5 24. Be4 Bc4 25. Bd3 Bd5 26. Be4 Bxe4 27. Qxe4 Qxb2 28. Qxe6+ Kh8 29. Rb1 Qxa3 30. Rxb3 Qa2 31. Qe3 Qa4 32. Ra3 Qg4 33. Rxa6 Rce8 34. Qd3 Re5 35. Nxe5 Qc8 36. Qg6 b4 37. Ra7 1-0

[Event "FISU World University-ch 2020"]
[Site "Online"]
[Date "2020.10.26"]
[Round "6.25"]
[White "Rosales Schulz, Robin"]
[Black "Palu, Andres"]
[Result "1-0"]
[WhiteElo "2133"]
[BlackElo "2068"]
[Annotator "ChessBase"]
[PlyCount "73"]
[EventDate "2020.10.26"]
[SourceTitle "playchess.com"]
[Source "ChessBase"]
[SourceQuality "1"]

1. d4 Nf6 2. c4 e6 3. Nc3 Bb4 4. a3 Bxc3+ 5. bxc3 b6 6. f3 Ba6 7. e4 Nc6 8. e5 Ng8 9. Bd3 Na5 10. Qe2 Qe7 11. Be3 c5 12. dxc5 Nb3 13. Rd1 Nxc5 14. Bxc5 Qxc5 15. Nh3 Ne7 16. Nf2 O-O 17. f4 Ng6 18. Ne4 Qxa3 19. O-O Bb7 20. Ng5 Qc5+ 21. Kh1 f5 22. exf6 gxf6 23. Nxh7 Kxh7 24. Bxg6+ Kxg6 25. Qg4+ Kh6 26. Rxd7 Rg8 27. Qh3+ Qh5 28. Rh7+ Kxh7 29. Qxh5+ Kg7 30. f5 Kf8 31. Rf2 Rd8 32. h3 exf5 33. Qxf5 Rd6 34. c5 bxc5 35. Qxc5 Ke7 36. Qc7+ Rd7 37. Re2+ 1-0

[Event "FISU World University-ch 2020"]
[Site "Online"]
[Date "2020.10.26"]
[Round "6.25"]
[White "A_____, E____________"]
[Black "Chavez Pena, Gonzalo Ignacio"]
[Result "0-1"]
[WhiteElo "1767"]
[BlackElo "1787"]
[Annotator "NA RC"]
[PlyCount "148"]
[EventDate "2020.10.26"]
[SourceTitle "playchess.com"]
[Source "ChessBase"]
[SourceQuality "1"]

1. d4 Nf6 2. c4 g6 3. Nc3 Bg7 4. Nf3 d6 5. e3 Nbd7 6. Be2 O-O 7. O-O c6 8. a3 e5 9. dxe5 Nxe5 10. b4 Be6 11. Nxe5 dxe5 12. Bb2 Qc7 13. Qc2 Rfd8 14. Rfd1 a5 15. Rxd8+ Rxd8 16. Rd1 axb4 17. axb4 Bf5 18. Rxd8+ Qxd8 19. Qd1 Qxd1+ 20. Bxd1 Bd3 21. Be2 Bxe2 22. Nxe2 Ne4 23. f4 Nd2 24. c5 Nc4 25. Bxe5 Bxe5 26. fxe5 Nxe5 27. Nd4 Nd3 28. b5 cxb5 29. Nxb5 Nxc5 30. Kf2 Kg7 31. Kf3 Kf6 32. h4 Ke5 33. g4 Kd5 34. h5 Ne6 35. Kg3 Kc5 36. Nc3 Ng5 37. Kf4 f6 38. e4 Ne6+ 39. Ke3 gxh5 40. gxh5 Ng7 41. h6 Ne8 42. Kf4 b5 43. e5 b4 44. Nb1 Kd5 45. exf6 Nxf6 46. Kf5 Ng8 47. Kg5 Kd4 48. Nd2 Kd3 49. Nb3 Kc3 50. Nc1 b3 51. Nxb3 Kxb3 52. Kh5 Kc4 53. Kg5 Kd5 54. Kh5 Ke4 55. Kg5 Ke5 56. Kh5 Kf5 57. Kh4 Nxh6 58. Kh5 Nf7 59. Kh4 Kg6 60. Kg4 Ne5+ 61. Kh4 h5 62. Kh3 Kg5 63. Kg3 Nd3 64. Kh3 h4 65. Kh2 Kg4 66. Kg2 h3+ 67. Kh2 Kh4 68. Kh1 Kg3 69. Kg1 h2+ 70. Kf1 h1=Q+ 71. Ke2 Qf3+ 72. Kd2 Nb4 73. Ke1 Qg2 74. Kd1 Kf3 0-1

[Event "FISU World University-ch 2020"]
[Site "Online"]
[Date "2020.10.26"]
[Round "6.25"]
[White "Vasquez Vasquez, Sebastian"]
[Black "Gianuzzi, Emanuel"]
[Result "1-0"]
[WhiteElo "1726"]
[BlackElo "1442"]
[Annotator "NA"]
[PlyCount "67"]
[EventDate "2020.10.26"]
[SourceTitle "playchess.com"]
[Source "ChessBase"]
[SourceQuality "1"]

1. e4 d5 2. exd5 Nf6 3. Nc3 e6 4. dxe6 Bxe6 5. Nf3 c5 6. Bb5+ Nc6 7. O-O Bd6 8. d4 Bd7 9. Re1+ Be7 10. d5 Nd4 11. Nxd4 O-O 12. Nf3 Bxb5 13. Nxb5 a6 14. Nc3 Bd6 15. Bg5 h6 16. Bxf6 Qxf6 17. Ne4 Qd8 18. c4 b5 19. b3 bxc4 20. bxc4 Re8 21. Rb1 Rb8 22. Rxb8 Qxb8 23. Nxd6 Rxe1+ 24. Qxe1 Qxd6 25. Qe8+ Kh7 26. Ne5 Qb6 27. h3 Qb1+ 28. Kh2 Qe4 29. Kg3 h5 30. h4 Qe1 31. d6 Qc3+ 32. Nf3 Qxc4 33. Qe4+ Qxe4 34. Ng5+ 1-0

[Event "FISU World University-ch 2020"]
[Site "Online"]
[Date "2020.10.26"]
[Round "6.26"]
[White "Pavic, Filip"]
[Black "Ling, Jin Sheng Timothy"]
[Result "1-0"]
[WhiteElo "2255"]
[BlackElo "1640"]
[Annotator "ChessBase"]
[PlyCount "77"]
[EventDate "2020.10.26"]
[SourceTitle "playchess.com"]
[Source "ChessBase"]
[SourceQuality "1"]

1. e4 e5 2. Nf3 Nc6 3. Bb5 a6 4. Ba4 Nf6 5. O-O Nxe4 6. d4 b5 7. Bb3 d5 8. dxe5 Be6 9. c3 Nc5 10. Bc2 Be7 11. Nbd2 d4 12. cxd4 Nxd4 13. Nxd4 Qxd4 14. Nf3 Qxd1 15. Rxd1 Bg4 16. Be3 O-O 17. Rac1 Rad8 18. h3 Bxf3 19. gxf3 Ne6 20. Bf5 Rxd1+ 21. Rxd1 Rd8 22. Rxd8+ Bxd8 23. f4 Be7 24. Kg2 Nc5 25. Bc2 a5 26. Kf3 g6 27. f5 gxf5 28. Bxf5 Na4 29. Bd7 Nxb2 30. Bxb5 c5 31. Bd2 a4 32. Ke4 Kg7 33. f4 Kg6 34. f5+ Kh5 35. Be8 Kh4 36. f6 Bf8 37. Bxf7 Kxh3 38. e6 Nc4 39. Bf4 1-0

[Event "FISU World University-ch 2020"]
[Site "Online"]
[Date "2020.10.26"]
[Round "6.27"]
[White "Wu Yuxuan"]
[Black "Dill, Xaver"]
[Result "1-0"]
[WhiteElo "2152"]
[BlackElo "2138"]
[Annotator "ChessBase"]
[PlyCount "97"]
[EventDate "2020.10.26"]
[SourceTitle "playchess.com"]
[Source "ChessBase"]
[SourceQuality "1"]

1. b3 e5 2. Bb2 Nc6 3. e3 Nf6 4. Nf3 e4 5. Nd4 Nxd4 6. Bxd4 d5 7. d3 c5 8. Bb2 Bg4 9. Be2 Bxe2 10. Qxe2 Be7 11. dxe4 Nxe4 12. Qb5+ Qd7 13. Qxd7+ Kxd7 14. Nd2 Nxd2 15. Kxd2 Ke6 16. c4 Rad8 17. Kc2 f6 18. Rhd1 dxc4 19. bxc4 Rxd1 20. Rxd1 Rd8 21. Rb1 Bd6 22. Bc3 b6 23. a4 Rb8 24. h3 a6 25. g4 Bc7 26. Kd3 g6 27. Ke4 f5+ 28. gxf5+ gxf5+ 29. Kf3 Be5 30. Bxe5 Kxe5 31. Rd1 Rb7 32. Rd5+ Ke6 33. Kf4 b5 34. axb5 axb5 35. Re5+ Kd6 36. cxb5 Rxb5 37. Kxf5 Rb2 38. f4 c4 39. Re6+ Kd7 40. Re4 Rb5+ 41. Kf6 Rc5 42. Rd4+ Kc6 43. Rd1 c3 44. f5 c2 45. Rc1 Kd5 46. Kg7 Ke4 47. f6 Rc7+ 48. f7 Kd3 49. Kg8 1-0

[Event "FISU World University-ch 2020"]
[Site "Online"]
[Date "2020.10.26"]
[Round "6.28"]
[White "Sanchez Sandoval, Gonzalo"]
[Black "Ruperez Benito, Antonio"]
[Result "0-1"]
[WhiteElo "2358"]
[BlackElo "2363"]
[Annotator "ChessBase"]
[PlyCount "68"]
[EventDate "2020.10.26"]
[SourceTitle "playchess.com"]
[Source "ChessBase"]
[SourceQuality "1"]

1. e4 e6 2. Nc3 d5 3. g3 Nf6 4. Bg2 Nc6 5. d3 Be7 6. Nf3 dxe4 7. Nxe4 Nxe4 8. dxe4 Qxd1+ 9. Kxd1 b6 10. Bf4 f6 11. c3 Ba6 12. Kc2 O-O-O 13. Rad1 Bc5 14. b4 Bxf2 15. Rhf1 Rxd1 16. Rxd1 g5 17. Bc1 g4 18. Nd2 Ne5 19. Bf1 Bb7 20. Be2 Be3 21. Rf1 Bg5 22. Nc4 Bxe4+ 23. Kb2 Bxc1+ 24. Kxc1 Nxc4 25. Bxc4 Bf5 26. Ba6+ Kd7 27. Kd2 h5 28. Ke3 h4 29. Kf4 hxg3 30. hxg3 Rh2 31. Rd1+ Ke7 32. Bb5 Rf2+ 33. Ke3 Rf3+ 34. Ke2 e5 0-1

[Event "FISU World University-ch 2020"]
[Site "Online"]
[Date "2020.10.26"]
[Round "6.28"]
[White "Villacorta Nicolas, David"]
[Black "Greau Carreno, Rodrigo Alberto"]
[Result "1-0"]
[WhiteElo "2153"]
[BlackElo "1668"]
[Annotator "TA"]
[PlyCount "103"]
[EventDate "2020.10.26"]
[SourceTitle "playchess.com"]
[Source "ChessBase"]
[SourceQuality "1"]

1. e4 c5 2. Nf3 e6 3. d4 cxd4 4. Nxd4 a6 5. c4 Nf6 6. Nc3 d6 7. Be2 Be7 8. O-O Qc7 9. Be3 Nbd7 10. Qd2 O-O 11. f3 b6 12. Rfc1 Bb7 13. a4 Rac8 14. b3 Rfe8 15. Ra2 Bf8 16. Bf1 Ne5 17. Qf2 Nfd7 18. Qd2 Nf6 19. Nde2 Nfd7 20. Nd4 Nf6 21. h3 Nc6 22. Qf2 Nd7 23. Nxc6 Bxc6 24. Nd5 Qb7 25. Nxb6 Nc5 26. Nxc8 Rxc8 27. Bxc5 dxc5 28. Qe3 g6 29. Rd2 Bg7 30. e5 Qb4 31. Rcd1 h6 32. h4 Qb8 33. f4 Qc7 34. g3 Bb7 35. Bg2 Bxg2 36. Rxg2 Qb7 37. Rgd2 Kh7 38. h5 Qe7 39. Rd7 Qe8 40. hxg6+ fxg6 41. Qd3 Rb8 42. Rc7 Rc8 43. Qd7 Qxd7 44. Rdxd7 Rxc7 45. Rxc7 g5 46. Rxc5 Kg6 47. Rc6 gxf4 48. gxf4 Kf5 49. Rc7 Kg6 50. c5 h5 51. Rxg7+ Kxg7 52. c6 1-0

[Event "FISU World University-ch 2020"]
[Site "Online"]
[Date "2020.10.26"]
[Round "6.29"]
[White "Alharari, Mohammed Alsouri"]
[Black "Gonzalez Lopez, Nicolas Mateo"]
[Result "0-1"]
[WhiteElo "2018"]
[BlackElo "2200"]
[Annotator "TA"]
[PlyCount "70"]
[EventDate "2020.10.26"]
[SourceTitle "playchess.com"]
[Source "ChessBase"]
[SourceQuality "1"]

1. d4 Nf6 2. Nf3 g6 3. Bf4 Bg7 4. e3 O-O 5. Be2 d6 6. O-O c5 7. c3 b6 8. h3 Bb7 9. Nbd2 Nbd7 10. Nc4 a6 11. Rc1 Ra7 12. Qc2 Qa8 13. b4 cxd4 14. cxd4 Rc8 15. Qb2 Ne4 16. Ncd2 Nxd2 17. Qxd2 Bc6 18. d5 Bb7 19. Rxc8+ Qxc8 20. Rc1 Qa8 21. Rc7 Qd8 22. Qc1 Nc5 23. Rxb7 Nxb7 24. Nd4 Qd7 25. Nc6 Ra8 26. Bxa6 Nd8 27. b5 Nb7 28. Bg5 f6 29. Bf4 Nc5 30. Qc4 Kf7 31. a4 Qf5 32. Kh2 h5 33. Nd4 Qd3 34. Qxd3 Nxd3 35. Bg3 Nc5 0-1

[Event "FISU World University-ch 2020"]
[Site "Online"]
[Date "2020.10.26"]
[Round "6.29"]
[White "Zuleta, Juan Carlos"]
[Black "Engaitah, Abdalsalam A."]
[Result "1-0"]
[WhiteElo "1934"]
[BlackElo "1944"]
[Annotator "NA"]
[PlyCount "53"]
[EventDate "2020.10.26"]
[SourceTitle "playchess.com"]
[Source "ChessBase"]
[SourceQuality "1"]

1. e4 d5 2. exd5 Qxd5 3. Nc3 Qd8 4. d4 Nf6 5. Nf3 e6 6. Be2 b6 7. Bf4 Bb7 8. O-O Bd6 9. Ne5 O-O 10. Nb5 Na6 11. Bg5 Be7 12. a3 c6 13. Nc3 Qc7 14. Bf4 Bd6 15. Bd3 Rad8 16. Qe2 Nb8 17. Bg3 a6 18. Ne4 Nxe4 19. Qxe4 f5 20. Qe2 Qe7 21. Qh5 Nd7 22. Nxd7 Rxd7 23. Bh4 Qf7 24. Qxf7+ Kxf7 25. Rfe1 c5 26. Rad1 h6 27. Bc4 1-0

[Event "FISU World University-ch 2020"]
[Site "Online"]
[Date "2020.10.26"]
[Round "6.29"]
[White "Aguas Cardenas, Darley"]
[Black "Alfaitori, Abdallah"]
[Result "0-1"]
[WhiteElo "1737"]
[BlackElo "1918"]
[Annotator "ChessBase"]
[PlyCount "98"]
[EventDate "2020.10.26"]
[SourceTitle "playchess.com"]
[Source "ChessBase"]
[SourceQuality "1"]

1. c4 e5 2. Nc3 Nf6 3. g3 d5 4. cxd5 Nxd5 5. Bg2 Nb6 6. d3 Be7 7. Nf3 Nc6 8. b3 O-O 9. Bb2 Be6 10. Rc1 f6 11. O-O Nb4 12. a3 N4d5 13. Nd2 c6 14. Nc4 a5 15. Qd2 Nxc3 16. Qxc3 a4 17. b4 Nxc4 18. dxc4 Qc7 19. Rfd1 Rfd8 20. e3 Rxd1+ 21. Rxd1 Rd8 22. Rxd8+ Qxd8 23. Qc2 b5 24. cxb5 cxb5 25. Bf1 Qd5 26. Qc7 Bd7 27. Bg2 Qd1+ 28. Bf1 Bh3 29. Qc1 Qxc1 30. Bxc1 Bxf1 31. Kxf1 e4 32. Ke2 Kf7 33. Bb2 g6 34. f4 exf3+ 35. Kxf3 Ke6 36. e4 Bd6 37. h3 Be5 38. Bc1 f5 39. exf5+ Kxf5 40. g4+ Ke6 41. Ke4 Bg3 42. Bb2 h5 43. gxh5 gxh5 44. Bc3 h4 45. Bd4 Be1 46. Bb2 Bg3 47. Kd4 Be5+ 48. Kc5 Bxb2 49. Kxb5 Bxa3 0-1

[Event "FISU World University-ch 2020"]
[Site "Online"]
[Date "2020.10.26"]
[Round "6.29"]
[White "Abdulgader, Amira"]
[Black "Pinillo Canon, Silvana"]
[Result "0-1"]
[WhiteElo "1484"]
[BlackElo "1785"]
[Annotator "NA"]
[PlyCount "88"]
[EventDate "2020.10.26"]
[SourceTitle "playchess.com"]
[Source "ChessBase"]
[SourceQuality "1"]

1. d4 d5 2. c4 e6 3. Nc3 Nf6 4. Bg5 Be7 5. Nf3 O-O 6. e3 Nbd7 7. Qc2 c5 8. cxd5 Nxd5 9. Bxe7 Qxe7 10. Nxd5 exd5 11. dxc5 Nxc5 12. Bd3 g6 13. O-O b6 14. Rfd1 Bb7 15. b4 Nxd3 16. Rxd3 Qxb4 17. Rd4 Qe7 18. h4 Rac8 19. Qd3 Rc5 20. Rg4 Rfc8 21. h5 Rc3 22. Qd2 Rc2 23. Qd3 R8c3 24. Qd1 Rc4 25. Rxc4 Rxc4 26. h6 Rg4 27. Nd4 Rh4 28. Qf3 Rxh6 29. Qf4 Rh5 30. g4 Re5 31. Nf3 Re4 32. Qg3 Qf6 33. Rc1 Kg7 34. Rc7 Ba6 35. Rxa7 Be2 36. Nd2 Rxg4 37. Kh2 Rxg3 38. Kxg3 Qd8 39. f4 g5 40. Kf2 Bc4 41. Ra3 Qd6 42. Rc3 b5 43. fxg5 Qh2+ 44. Ke1 Qg1+ 0-1

[Event "FISU World University-ch 2020"]
[Site "Online"]
[Date "2020.10.26"]
[Round "6.30"]
[White "Palacio, Enzo"]
[Black "Mejia Varela, Fernando Alexis"]
[Result "0-1"]
[WhiteElo "1896"]
[BlackElo "1614"]
[Annotator "NA"]
[PlyCount "66"]
[EventDate "2020.10.26"]
[SourceTitle "playchess.com"]
[Source "ChessBase"]
[SourceQuality "1"]

1. e4 c5 2. Nf3 d6 3. d4 cxd4 4. Nxd4 Nf6 5. Nc3 a6 6. Be3 e5 7. Nb3 Be6 8. f3 Be7 9. Qd2 Nbd7 10. g4 Qc7 11. g5 Nh5 12. O-O-O Rc8 13. Nd5 Bxd5 14. exd5 b5 15. Bd3 Nb6 16. Bf5 Rb8 17. Bg4 Nc4 18. Qd3 Nxe3 19. Qxe3 Nf4 20. h4 O-O 21. Kb1 a5 22. Nc1 Ng2 23. Qd2 Nf4 24. Ne2 Nxe2 25. Qxe2 b4 26. Qe3 a4 27. h5 b3 28. cxb3 axb3 29. a3 Qc2+ 30. Ka1 Ra8 31. Rd2 Rxa3+ 32. bxa3 b2+ 33. Ka2 b1=Q# 0-1

[Event "FISU World University-ch 2020"]
[Site "Online"]
[Date "2020.10.26"]
[Round "6.30"]
[White "Garcia, Andrea Nicole"]
[Black "Michailov, Matias"]
[Result "0-1"]
[WhiteElo "1654"]
[BlackElo "2263"]
[Annotator "TA"]
[PlyCount "64"]
[EventDate "2020.10.26"]
[SourceTitle "playchess.com"]
[Source "ChessBase"]
[SourceQuality "1"]

1. e4 c5 2. Nc3 Nc6 3. d3 g6 4. g3 Bg7 5. Bg2 d6 6. Be3 Rb8 7. Qd2 b5 8. Rb1 b4 9. Nce2 Nd4 10. Nf3 e5 11. O-O Nf6 12. Nexd4 cxd4 13. Bh6 O-O 14. Bxg7 Kxg7 15. Nh4 Be6 16. b3 a5 17. h3 Nh5 18. Kh2 Rc8 19. Qe2 Nf4 20. gxf4 Qxh4 21. f5 Qf4+ 22. Kh1 Bd7 23. f3 Rc3 24. Rf2 Rfc8 25. Qd1 gxf5 26. exf5 Bxf5 27. Rb2 Bxd3 28. Qd2 Qxd2 29. Rxd2 Bg6 30. Kh2 Rxc2 31. Rdxc2 Rxc2 32. Rxc2 Bxc2 0-1

[Event "FISU World University-ch 2020"]
[Site "Online"]
[Date "2020.10.26"]
[Round "6.30"]
[White "Ramos Donaire, Maria Pradi"]
[Black "Lanaro, Emilio"]
[Result "1-0"]
[WhiteElo "1558"]
[BlackElo "1657"]
[Annotator "NA"]
[PlyCount "69"]
[EventDate "2020.10.26"]
[SourceTitle "playchess.com"]
[Source "ChessBase"]
[SourceQuality "1"]

1. e4 c5 2. Nf3 d6 3. d4 cxd4 4. Nxd4 Nf6 5. Nc3 a6 6. Be2 e5 7. Nb3 Be6 8. Bg5 Be7 9. Bxf6 gxf6 10. Nd5 Nd7 11. Qd2 b5 12. O-O-O Nb6 13. Na5 Bxd5 14. exd5 f5 15. Kb1 Bg5 16. Qb4 Rc8 17. Nb7 Qc7 18. Nxd6+ Kd7 19. Nxc8 Rxc8 20. Qb3 Kd6 21. Bd3 e4 22. Be2 Qc5 23. Bh5 Rc7 24. Qg3+ Kd7 25. Qb3 Kd6 26. g3 a5 27. c3 a4 28. Qc2 a3 29. h4 Bf6 30. Qd2 b4 31. Qf4+ Be5 32. Qh6+ Kd7 33. Bxf7 bxc3 34. Qe6+ Kd8 35. Qe8# 1-0

[Event "FISU World University-ch 2020"]
[Site "Online"]
[Date "2020.10.26"]
[Round "6.31"]
[White "Abdulla, Abdulrahman Mohammed"]
[Black "Anaya Lopez, Gonzalo Javier"]
[Result "0-1"]
[WhiteElo "2178"]
[BlackElo "1984"]
[Annotator "NA"]
[PlyCount "50"]
[EventDate "2020.10.26"]
[SourceTitle "playchess.com"]
[Source "ChessBase"]
[SourceQuality "1"]

1. d4 Nf6 2. c4 e6 3. Nc3 Bb4 4. Qc2 b6 5. Nf3 Bb7 6. Bg5 h6 7. Bxf6 Qxf6 8. a3 Bxc3+ 9. Qxc3 d6 10. g3 Nd7 11. Bg2 O-O 12. O-O c5 13. e3 Bxf3 14. Bh3 cxd4 15. exd4 Rac8 16. d5 Qxc3 17. bxc3 Nc5 18. Rfe1 Rce8 19. Re3 Bh5 20. Rae1 e5 21. f4 e4 22. g4 Bg6 23. f5 Bh7 24. Kf2 Re5 25. Bg2 Nd3+ 0-1

[Event "FISU World University-ch 2020"]
[Site "Online"]
[Date "2020.10.26"]
[Round "6.31"]
[White "Alrehaili, Ahmed Abdullah S"]
[Black "Ono, David"]
[Result "1-0"]
[WhiteElo "1980"]
[BlackElo "2096"]
[Annotator "TA"]
[PlyCount "83"]
[EventDate "2020.10.26"]
[SourceTitle "playchess.com"]
[Source "ChessBase"]
[SourceQuality "1"]

1. e4 c5 2. Nf3 d6 3. c3 Nf6 4. Bd3 Nc6 5. h3 g6 6. Bc2 c4 7. Qe2 Na5 8. O-O Bg7 9. b4 cxb3 10. axb3 O-O 11. d4 Qc7 12. Bb2 Bd7 13. c4 Nc6 14. Nc3 Qc8 15. Rad1 Nh5 16. Qe3 e5 17. Nd5 Re8 18. dxe5 dxe5 19. b4 Bxh3 20. gxh3 Nf4 21. Nh2 Nxh3+ 22. Kg2 Nf4+ 23. Nxf4 exf4 24. Qb3 f3+ 25. Kh1 Bxb2 26. Qxb2 Qh3 27. Rg1 Re5 28. Rd5 Rae8 29. Qc3 Rh5 30. Rxh5 Qxh5 31. b5 Ne5 32. c5 Qh4 33. Qd4 Qf4 34. Bb3 Qf6 35. Bd5 b6 36. c6 Kg7 37. Qc3 h5 38. c7 Ng4 39. Qxf6+ Nxf6 40. Bb7 Nxe4 41. Bxe4 Rc8 42. Rc1 1-0

[Event "FISU World University-ch 2020"]
[Site "Online"]
[Date "2020.10.26"]
[Round "6.31"]
[White "Flores, Fernando"]
[Black "Khayat, Emad"]
[Result "0-1"]
[WhiteElo "1943"]
[BlackElo "1525"]
[Annotator "TA"]
[PlyCount "108"]
[EventDate "2020.10.26"]
[SourceTitle "playchess.com"]
[Source "ChessBase"]
[SourceQuality "1"]

1. Nf3 Nf6 2. g3 b6 3. Bg2 Bb7 4. O-O e6 5. d3 d5 6. b3 Nbd7 7. Bb2 Be7 8. Nbd2 O-O 9. Re1 c5 10. d4 cxd4 11. Nxd4 Qc7 12. Rc1 Rfd8 13. e3 a6 14. Qe2 Rac8 15. a3 b5 16. e4 dxe4 17. Nxe4 Nxe4 18. Bxe4 Bxe4 19. Qxe4 Nf6 20. Qe2 Bc5 21. c3 Qd6 22. Rcd1 Qf8 23. Nc2 Qe7 24. h3 Qc7 25. Ne3 Qe7 26. a4 bxa4 27. bxa4 a5 28. Ng4 Nxg4 29. Qxg4 Qf6 30. Rxd8+ Rxd8 31. Re2 Rd1+ 32. Kg2 Qd8 33. c4 Bd4 34. Bxd4 Rxd4 35. Qh5 Rxc4 36. Qb5 Rd4 37. h4 h6 38. Rc2 Rb4 39. Qa6 Qd5+ 40. f3 Rxa4 41. Qb6 Rb4 42. Qe3 Rb3 43. Qe2 a4 44. Kh2 Qxf3 45. Rc8+ Kh7 46. Qc2+ Qd3 47. Qf2 Qf5 48. Qd2 a3 49. Rc2 Qd3 50. Qg2 e5 51. g4 Qf3 52. Qg1 Qf4+ 53. Kh1 Qe4+ 54. Rg2 Rh3+ 0-1

[Event "FISU World University-ch 2020"]
[Site "Online"]
[Date "2020.10.26"]
[Round "6.32"]
[White "Ikeda, Vinicius Yasuto"]
[Black "Chaves Williams, Jose Andres"]
[Result "1-0"]
[WhiteElo "2004"]
[BlackElo "1540"]
[Annotator "NA"]
[PlyCount "43"]
[EventDate "2020.10.26"]
[SourceTitle "playchess.com"]
[Source "ChessBase"]
[SourceQuality "1"]

1. d4 d5 2. c4 e6 3. Nf3 Nf6 4. Nc3 Be7 5. Bg5 Nbd7 6. e3 O-O 7. Bd3 b6 8. O-O Bb7 9. Qe2 Rc8 10. Rad1 c5 11. Rfe1 cxd4 12. Nxd4 dxc4 13. Bxc4 Qc7 14. Bd3 Nc5 15. Bb1 h6 16. Bh4 Rfd8 17. Bg3 e5 18. Ncb5 Qb8 19. Nf3 Ncd7 20. Nc3 Nh5 21. Qc2 e4 22. Bxb8 1-0

[Event "FISU World University-ch 2020"]
[Site "Online"]
[Date "2020.10.26"]
[Round "6.32"]
[White "Batista Inacio, Pedro Lews"]
[Black "Arguedas Bolanos, Sharline"]
[Result "1-0"]
[WhiteElo "1687"]
[BlackElo "1319"]
[Annotator "NA"]
[PlyCount "65"]
[EventDate "2020.10.26"]
[SourceTitle "playchess.com"]
[Source "ChessBase"]
[SourceQuality "1"]

1. d4 d5 2. Nf3 e6 3. Bf4 Nf6 4. h3 Be7 5. e3 O-O 6. Be2 b6 7. O-O Bb7 8. Nbd2 Nbd7 9. c3 c5 10. Bd3 Ne4 11. Bxe4 dxe4 12. Ne5 cxd4 13. exd4 Nf6 14. Qe2 Rc8 15. Ng4 Qd5 16. Nxf6+ Bxf6 17. Rfe1 e3 18. Nf3 exf2+ 19. Qxf2 Qh5 20. Be5 Bxe5 21. Rxe5 Qg6 22. Rae1 h6 23. Nd2 Rcd8 24. Nf3 Rd5 25. Rxd5 Bxd5 26. Ne5 Qg5 27. h4 Qd8 28. a3 Qc7 29. Re3 a5 30. Rg3 Qe7 31. a4 Be4 32. Qf4 Bg6 33. Rf3 1-0

[Event "FISU World University-ch 2020"]
[Site "Online"]
[Date "2020.10.26"]
[Round "6.32"]
[White "Campos Astorga, Priscila"]
[Black "Da Silva, Francisco Iran Santo"]
[Result "0-1"]
[WhiteElo "1381"]
[BlackElo "1825"]
[Annotator "NA RC"]
[PlyCount "74"]
[EventDate "2020.10.26"]
[SourceTitle "playchess.com"]
[Source "ChessBase"]
[SourceQuality "1"]

1. e4 e6 2. d4 d5 3. exd5 exd5 4. Nf3 Bd6 5. Be2 Ne7 6. Nbd2 Bg4 7. Ne5 Bf5 8. Ndf3 f6 9. Nd3 Nbc6 10. Bf4 Be4 11. Bxd6 Qxd6 12. c3 O-O 13. O-O Ng6 14. Nd2 Nf4 15. Nxf4 Qxf4 16. Nxe4 dxe4 17. Qb3+ Kh8 18. Qxb7 Ne7 19. g3 Qd2 20. Qxe4 Rae8 21. Qd3 Qxb2 22. Rfb1 Qa3 23. Rb3 Qd6 24. Rab1 f5 25. Rb7 Nc6 26. Bf3 f4 27. Bxc6 Qxc6 28. Rxa7 f3 29. Ra6 Qd7 30. Ra5 Re2 31. Qf5 Rxf5 32. Rxf5 g6 33. Rxf3 Rxa2 34. Re1 Kg7 35. Rfe3 Qf5 36. f4 Qc2 37. Re7+ Kh6 0-1

[Event "FISU World University-ch 2020"]
[Site "Online"]
[Date "2020.10.26"]
[Round "6.32"]
[White "Rosales Gonzalez, Jessica"]
[Black "Liebl, Livia"]
[Result "1-0"]
[WhiteElo "1313"]
[BlackElo "1543"]
[Annotator "NA RC"]
[PlyCount "187"]
[EventDate "2020.10.26"]
[SourceTitle "playchess.com"]
[Source "ChessBase"]
[SourceQuality "1"]

1. e4 d5 2. exd5 Qxd5 3. Nc3 Qa5 4. Nf3 Bg4 5. g3 Nf6 6. Bg2 c6 7. O-O e6 8. d3 Be7 9. Bd2 Qc7 10. Re1 O-O 11. Ne2 Re8 12. d4 Nbd7 13. c3 c5 14. Qc2 Bxf3 15. Bxf3 cxd4 16. Nxd4 a6 17. Bf4 e5 18. Nf5 exf4 19. Nxe7+ Kf8 20. Nd5 Nxd5 21. Bxd5 Nf6 22. Bg2 fxg3 23. hxg3 Rad8 24. Rad1 b5 25. a3 Rxe1+ 26. Rxe1 Qd6 27. c4 Rc8 28. Rd1 Qc7 29. Bf1 Qc5 30. b4 Qh5 31. Be2 Qh6 32. c5 Qg5 33. Qd3 Qe5 34. Qd6+ Qxd6 35. Rxd6 Ra8 36. Bf3 Ra7 37. c6 Ke7 38. Rd3 Rc7 39. Kf1 Ne8 40. Re3+ Kd8 41. Bd5 Nd6 42. Rf3 f6 43. Rf4 Re7 44. Rh4 h6 45. Rd4 Kc7 46. f4 Nf5 47. Rd3 Ne3+ 48. Kf2 Nxd5 49. Rxd5 Kxc6 50. Rc5+ Kb6 51. Rd5 Rc7 52. Rd6+ Rc6 53. Rd7 g5 54. fxg5 fxg5 55. Rd3 a5 56. bxa5+ Kxa5 57. Kf3 Rc5 58. Kg4 Ka4 59. Kh5 Rc6 60. Re3 Ka5 61. Rd3 Kb6 62. Rb3 Re6 63. Rd3 Ka5 64. Rc3 b4 65. axb4+ Kxb4 66. Rf3 Kc4 67. Rf7 Kd5 68. Rh7 Ke4 69. Rxh6 Rxh6+ 70. Kxh6 Kf5 71. Kh5 g4 72. Kh4 Kg6 73. Kxg4 Kg7 74. Kg5 Kg8 75. Kh6 Kh8 76. g4 Kg8 77. Kg6 Kf8 78. Kh7 Kf7 79. g5 Kf8 80. g6 Ke7 81. g7 Kf7 82. g8=Q+ Kf6 83. Qd8+ Ke5 84. Kg7 Ke4 85. Qd6 Ke3 86. Kf6 Ke4 87. Qc5 Kd3 88. Qb4 Ke3 89. Ke5 Ke2 90. Qc3 Kf2 91. Kf4 Kg2 92. Qe3 Kh1 93. Qe2 Kg1 94. Kg3 1-0